000 00634nam a2200181Ia 4500
008 100920s9999 xx 000 0 und d
082 _b96597
_a--- न 06
100 _aअनु:-हुद्दार मधुकर./पेरी मेमन
245 _aद मास्टर फ्लॅन.
260 _bसुपर्ण प्रकाशन,पुणे.
_c2006
300 _a188
_bसाधी
365 _b160
520 _aकादंबरी.
630 _aद मास्टर फ्लॅन.
650 _aकादंबरी.
730 _aद मास्टर फ्लॅन.
942 _cBOOK
999 _c737036
_d737033